000 00300nam a22001337a 4500
020 _a817826159-6
082 _a823
_bSTE/B
100 _aR.L. STEVENSON
245 _aTHE BLACK ARROW
260 _aDELHI
_bROHAN BOOK COMPANY
_c2003
300 _a204
650 _aMODERN ILLUSTRATED CLASSICS
942 _cBK
999 _c354
_d354